1836 1228 1828 1516 1927 1349 1840 1320 1856 1349 1820 1988 1229 1874 1426 1605 1054 1817 1545 1210 1294 1678 1243 1083 1318 1934 1753 1542 1925 1198 1900 1611 1636 1838 1761 1653 1607 1187 1328 1950 1704 1785 1805 1438 1743 1079 1439 1598 1118 1257 1482 1933 1240 1941 1391 1215 1774 1552 1326 1308 1627 1713 1078 1141 1745 1075 1308 1317 1129 1117 1147 1616 1332 1500 1158 1728 1195 1851 1751 1471 1391 1723 1555 1248 1298 1205 1698 1367 1990 1688 1675 1934 1856 1144 1777 1101 1162 1868 1866 BCNSPRNW ULIB Ver.6.0+V

เปลี่ยนเป็นภาษาไทย

Change to English
 แสดงรายละเอียดบรรณานุกรม
  กลับหน้าหลัก

Brief Record : Get Marc (ISO 2709) : E-mail record : QR code < ปิดหน้าต่าง
LEADER : 00000nam 2200000uu 4500
001    13399122449
003     ULIB
008    130624s2555||||th 000 0 tha d
060  4 ^aWA18^bW926
245 00 ^aWorking together for health security :^b4th international nursing and public health conference Thailand : April 10-12, 2012 The Empress Chiang Mai, Thailand Praboromarajchanok Institute, Ministry of Public Health, Thailand
260    ^a[n.p.:^bMinistry of Public Health,^c2012
300    ^a220 p. :^bill.
650  2 ^aHealth^xCongress
710 1  ^aMinistry of Public Health.^bPraboromrajchanok Institute.
945    ^p0^l0^i19938
995    ทศพร
999    ^aกัณชพร
รายการนี้ยังไม่มีแท็ก
คุณยังไม่ได้ล็อกอิน คุณสามารถมีกิจกรรมร่วมกับเว็บไซต์ได้ แต่ต้องล็อกอินก่อน ::
  ล็อกอิน

รายการสื่อสารสนเทศ

ลำดับที่ ประเภท เลขเรียก/บาร์โค้ด สถานที่ สถานะ
1. วิทยาศาสตร์การแพทย์ และสุขภาพ
วิทยาศาสตร์การแพทย์ และสุขภาพ
WA18 W926  
  Barcode: 19938
ห้องสมุดวิทยาเขตสวรรค์ประชารักษ์
►หนังสือทั่วไป
บนชั้น

BibComment


ยังไม่เคยถูกคอมเมนท์

คอมเมนท์ทรัพยากรรายการนี้
  คอมเมนท์: Working together..


 Copyright 2026. Bcnsprnw @Library